| 000 | 00530cam a22001814a 4500 | ||
|---|---|---|---|
| 020 | _a0821362399 (pbk.) | ||
| 020 | _a9788213623995 | ||
| 040 | _cDLC | ||
| 082 | 0 | 0 | _a382 PAL 2006 A068 Co. |
| 245 | 0 | 0 | _aAgricultural trade reform and the Doha development agenda / |
| 260 |
_aWashington, DC : _bPalgrave Macmillan/World Bank, _cc2006. |
||
| 300 |
_axviii, 420 p. : _bill. ; _c23 cm. |
||
| 650 | 0 | _aAgriculture and state. | |
| 650 | 0 | _aInternational trade. | |
| 700 | 1 | _aAnderson, Kym. | |
| 700 | 1 | _aMartin, Will, | |
| 942 | _cEK | ||
| 999 |
_c14979 _d14979 |
||